| Поле | Инд. | ПП | Название | Значение |
|---|---|---|---|---|
| Тип записи | a | |||
| Библиографический уровень | b | |||
| 001 | Контрольный номер | RU/IS/BASE/435668295 | ||
| 005 | Дата корректировки | 20220715140322.6 | ||
| 008 | Кодируемые данные | 20131021 | ||
| 040 | b | Код языка каталог. | rus | |
| e | Правила каталог. | PSBO | ||
| 041 | 0_ | a | Код языка текста | rus |
| 084 | a | Индекс другой классификации/Индекс ББК | 66.052; 66.1(0)-17 | |
| 100 | 1_ | a | Автор | Ирхин Ю. В. |
| q | Полное имя | Ирхин Юрий Васильевич | ||
| 245 | 10 | a | Заглавие | Теория и методология анализа консерватизма и неоконсерватизма |
| 500 | a | Примечание | В рубрике "Преподавателю социально-гуманитарных дисциплин" | |
| 504 | a | Библиография | Библиогр. ссылки. - Примеч. | |
| 520 | 0_ | a | Аннотация | В статье предложен теоретический и методологический анализ ценностей и смыслов основных форм, модификаций и национальных особенностей консервативной идеологии. Автор исследует классический и современный консерватизм (неоконсерватизм). Показаны достижения, преимущества, проблемы, противоречия и ограничения консерватизма, его особенности в России |
| 650 | 14 | a | Основная рубрика | история политических учений |
| a | Основная рубрика | политика | ||
| a | Основная рубрика | политология | ||
| 653 | 1_ | a | Ключевые слова | консервативная идеология |
| a | Ключевые слова | консерватизм | ||
| a | Ключевые слова | национальные особенности | ||
| a | Ключевые слова | неоконсерватизм | ||
| a | Ключевые слова | политический анализ | ||
| a | Ключевые слова | Россия | ||
| a | Ключевые слова | типология консерватизма | ||
| a | Ключевые слова | цивилизационные особенности | ||
| 773 | 08 | t | Заглавие источника | Социально-гуманитарные знания |
| d | Дата издания источника | 2013 | ||
| g | Прочая информация | № 4. - С. 84 - 103 : табл. | ||
| w | Контрольный № источника | RU/IS/BASE/431778075 | ||
| 901 | t | Тип документа | b |